LDR 00808naa#a2200181#i#450# 001 RU\\bibl\123072 005 20260514215523.4 011 ## _a3034-4689 100 ## _a20260508b2026####ek#y0rusy0150####ca 102 ## _aRU 200 1# _aФИЗИКО-ХИМИЧЕСКИЕ СВОЙСТВА СОРБЕНТА ДЛЯ РАНЕВОГО ПОКРЫТИЯ НА ОСНОВЕ ЛЬНЯНОЙ ЦЕЛЛЮЛОЗЫ _eЖурнальная статья 210 1# _aКазань _cКазанский национальный исследовательский технологический университет _d2026 215 ## _a4 с. 608 ## _aЖурнальная статья _2local 700 #1 _aГрачев _gДенис Алексеевич 700 #1 _aМусин _gИ Н 700 #1 _aЯмалеева _gЕ. С. 856 4# _avestniktu.ru _u